000 01179nam a22002777a 4500
005 20220523112129.0
008 220523b ||||| |||| 00| 0 eng d
040 _cAloy
041 _aeng
082 _223
_a321.80954
_bBASC
100 _aDurga Das Basu
_938480
245 _aCommentary on the constituion of India: Arts. 282-307
250 _a6
260 _aCalcutta
_bS C Sarkar & Sons Pvt Ltd
_c1986
300 _axvi,303 p.
_bHB
_c24x17cm.
365 _2Political Science
440 _nVol L
_938473
520 _aKey features: pioneering work on the indian constitution first authoritative work on the constitution of india that adopted an interdisciplinary approach, examining the constitution from the philosophical, sociological, political as well as legal perspectives. First book to study and comparatively analyze other constitutions, including countries that do not belong to the anglo-american jurisprudential tradition.
650 _aConstitution of India
_938474
650 _aFinance
_938475
650 _aBorrowing
_938476
650 _aRight to Property
_938477
650 _aTrade
_938478
700 _aBASU (Durga Das)
_938479
942 _2ddc
_cGF
999 _c223064
_d223064